000 005900000a22001810004500
003 MACL
005 20160410154235.0
008 160410b xxu||||| |||| 00| 0 eng d
040 _aMACL
_cMACL
041 _aHindi
082 _a610
100 _aभानु कुमार व्‍यास
_951794
245 _aस्‍वास्‍थ्‍य वर्धक फल और सब्जियां
260 _aबीकानेर
_bअभिषेक प्रकाशन
_c2011
350 _a150
650 _aरोग उपचार
_951788
942 _cHIN
_k610
_2ddc
999 _c47544
_d47544